Istoriosofii︠a︡ i literaturnyĭ prot︠s︡ess : srednie veka i novoe vremi︠a︡ /

Bibliographic Details
Main Author: I︠U︡sufov, R. F. (Rasim Faradzullaevich)
Format: Book
Language:Russian
Published: Moskva : "Nasledie", 1996.
Subjects:

MARC

Tag First Indicator Second Indicator Subfields
LEADER 00000cam a2200000 a 4500
001 in00001501034
005 20151021074212.0
008 970214s1996 ru b 000 0 ruso
010 |a  97116261  
019 |a 36870994 
020 |a 5865620185 
035 |a (OCoLC)37559818 
035 |9 AJH7391AM 
040 |a DLC  |c DLC  |d TXA  |d UtOrBLW 
043 |a e-ur--- 
049 |a TXAM 
050 0 0 |a PN849.R9  |b I96 1996 
100 1 |a I︠U︡sufov, R. F.  |q (Rasim Faradzullaevich) 
245 1 0 |a Istoriosofii︠a︡ i literaturnyĭ prot︠s︡ess :  |b srednie veka i novoe vremi︠a︡ /  |c R. I︠U︡sufov. 
264 1 |a Moskva :  |b "Nasledie",  |c 1996. 
300 |a 300 pages ;  |c 20 cm. 
336 |a text  |b txt  |2 rdacontent 
337 |a unmediated  |b n  |2 rdamedia 
338 |a volume  |b nc  |2 rdacarrier 
500 |a At head of title: Institut mirovoĭ literatury im. A.M. Gorʹkogo RAN. 
504 |a Includes bibliographical references (pages 286-300). 
650 0 |a Soviet literature  |x Philosophy. 
650 0 |a Soviet literature  |x Origins. 
650 0 |a Soviet literature  |x Theory, etc. 
948 |a c:ml 
999 |a MARS 
999 f f |s 1797ddaf-535b-3ad4-a65f-b6628b5ab3c5  |i eeb4fd27-92b5-38ac-bc61-8df51dae3374  |t 0 
952 f f |p ric  |a Texas A&M University  |b Rellis Campus  |c Joint Library Facility  |d Remote Storage  |t 0  |e PN849.R9 I96 1996  |h Library of Congress classification  |i unmediated -- volume  |m A14825063559 
998 f f |a PN849.R9 I96 1996  |t 0  |l Remote Storage